000
00240nam a2200085Ia 4500
008
170620s9999 xx 000 0 und d
100
_a
Sharma- R. A. (Hindi)
245
0
_a
Anudeshnatmak evam Shikshan Takniki (Hindi)
260
_b
Meerut- R. Lal Book Depot
260
_c
1994
999
_c
23745
_d
23745